Greating Entrepreneurial Supply Chains (Record no. 350498)

000 -LEADER
fixed length control field 00631nam a22002057a 4500
003 - CONTROL NUMBER IDENTIFIER
control field OSt
005 - DATE AND TIME OF LATEST TRANSACTION
control field 20180116183019.0
008 - FIXED-LENGTH DATA ELEMENTS--GENERAL INFORMATION
fixed length control field 151029b xxu||||| |||| 00| 0 eng d
020 ## - INTERNATIONAL STANDARD BOOK NUMBER
International Standard Book Number 9788131518946
040 ## - CATALOGING SOURCE
Transcribing agency 0
082 ## - DEWEY DECIMAL CLASSIFICATION NUMBER
Classification number 658.7 LEE 2012
100 ## - MAIN ENTRY--PERSONAL NAME
Personal name William B. Lee, Ph.D.
245 ## - TITLE STATEMENT
Title Greating Entrepreneurial Supply Chains
Remainder of title A Guide for Innovation and Growth
Statement of responsibility, etc. Greating Entrepreneurial Supply Chains
260 ## - PUBLICATION, DISTRIBUTION, ETC.
Place of publication, distribution, etc. India
Name of publisher, distributor, etc. Cengage Learning
Date of publication, distribution, etc. 2012
300 ## - PHYSICAL DESCRIPTION
Extent 376 p.
Other physical details PB
440 ## - SERIES STATEMENT/ADDED ENTRY--TITLE
Title Greating Entrepreneurial Supply Chains
600 ## - SUBJECT ADDED ENTRY--PERSONAL NAME
Personal name William B. Lee, Ph.D.
700 ## - ADDED ENTRY--PERSONAL NAME
Personal name William B. Lee, Ph.D.
942 ## - ADDED ENTRY ELEMENTS (KOHA)
Source of classification or shelving scheme
Koha item type Book
Holdings
Withdrawn status Lost status Source of classification or shelving scheme Damaged status Not for loan Collection code Permanent Location Current Location Shelving location Date acquired Total Checkouts Full call number Barcode Date last seen Price effective from Koha item type
            Central Library (CL) Central Library (CL) General Stacks 10/29/2015   658.7 LEE 2012 NBS9559 10/29/2015 10/29/2015 Book
© 2023 Central Library, National University of Sciences and Technology. All Rights Reserved.